书目信息 |
| 题名: |
从日晷到原子钟
|
|
| 作者: | 杰斯帕森 , 菲茨-伦道夫 著 ;任烨 , 刘娅 , 李孝辉 译 | |
| 分册: | ||
| 出版信息: | 杭州 浙江教育出版社 2022.02 |
|
| 页数: | 252页 | |
| 开本: | 24cm | |
| 丛书名: | ||
| 单 册: | ||
| 中图分类: | TB939-49 | |
| 科图分类: | ||
| 主题词: | 时间计量--shi jian ji liang--普及读物 | |
| 电子资源: | ||
| ISBN: | 978-7-5722-2629-8 | |
| 000 | 01164nam0 2200277 450 | |
| 001 | 011025153430 | |
| 005 | 20221025153430.0 | |
| 010 | @a978-7-5722-2629-8@dCNY58.00 | |
| 100 | @a20201004d2022 em y0chiy0120 ea | |
| 101 | 1 | @achi@ceng |
| 102 | @aCN@b330000 | |
| 105 | @aa z 000yy | |
| 106 | @ar | |
| 200 | 1 | @a从日晷到原子钟@Acong ri gui dao yuan zi zhong@e时间计量的奥秘@dFrom sundials to atomic clock@eunderstanding time and frequency@f(美) 詹姆斯·杰斯帕森, (美) 简·菲茨-伦道夫著@g任烨, 刘娅, 李孝辉译@zeng |
| 210 | @a杭州@c浙江教育出版社@d2022.02 | |
| 215 | @a252页@c图@d24cm | |
| 330 | @a本书介绍了在科学和技术领域的时间概念、计时和时间的应用技术。内容包括:时间难题,手工时钟和手表,寻找并保存时间,时间的应用,时间、科学和技术。 | |
| 510 | 1 | @aFrom sundials to atomic clock@eunderstanding time and frequency@zeng |
| 606 | 0 | @a时间计量@Ashi jian ji liang@j普及读物 |
| 690 | @aTB939-49@v5 | |
| 701 | 0 | @c(美)@a杰斯帕森@Ajie si pa sen@4著 |
| 701 | 0 | @c(美)@a菲茨-伦道夫@Afei ci lun dao fu@4著 |
| 702 | 0 | @a任烨@Aren ye@4译 |
| 702 | 0 | @a刘娅@Aliu ya@4译 |
| 702 | 0 | @a李孝辉@Ali xiao hui@4译 |
| 905 | @a河南城建学院图书馆@dTB939-49@eZ053 | |
| 从日晷到原子钟:时间计量的奥秘=From sundials to atomic clock:understanding time and frequency/(美) 詹姆斯·杰斯帕森, (美) 简·菲茨-伦道夫著/任烨, 刘娅, 李孝辉译.-杭州:浙江教育出版社,2022.02 |
| 252页:图;24cm |
| ISBN 978-7-5722-2629-8:CNY58.00 |
| 本书介绍了在科学和技术领域的时间概念、计时和时间的应用技术。内容包括:时间难题,手工时钟和手表,寻找并保存时间,时间的应用,时间、科学和技术。 |
| ● |
| 相关链接 |
|
|
|
正题名:从日晷到原子钟
索取号:TB939-49/Z053
 
预约/预借
| 序号 | 登录号 | 条形码 | 馆藏地/架位号 | 状态 | 备注 |
| 1 | 1588117 | 215881179 | 自科库501/501自科库 20排3列4层/ [索取号:TB939-49/Z053] | 在馆 | |
| 2 | 1588118 | 215881188 | 自科库501/501自科库 20排3列4层/ [索取号:TB939-49/Z053] | 在馆 |